|
|
|
|
| LEADER |
01338nam a2200385Ia 4500 |
| 001 |
EBC3306619 |
| 003 |
MiAaPQ |
| 005 |
20200520144314.0 |
| 006 |
m o d | |
| 007 |
cr cn||||||||| |
| 008 |
050516s2005 caua s 001 0 eng d |
| 020 |
|
|
|z 0738490164
|
| 035 |
|
|
|a (MiAaPQ)EBC3306619
|
| 035 |
|
|
|a (Au-PeEL)EBL3306619
|
| 035 |
|
|
|a (CaPaEBR)ebr10112649
|
| 035 |
|
|
|a (OCoLC)228138517
|
| 040 |
|
|
|a MiAaPQ
|c MiAaPQ
|d MiAaPQ
|
| 050 |
|
4 |
|a HD30.37
|b .D37 2005
|
| 100 |
1 |
|
|a Darmawan, Budi.
|
| 245 |
1 |
0 |
|a IBM tivoli business systems manager V3.1
|h [electronic resource] :
|b advanced implementation topics /
|c Budi Darmawan et al.
|
| 260 |
|
|
|a San Jose, CA :
|b IBM,
|c c2005.
|
| 300 |
|
|
|a xii, 261 p. :
|b ill.
|
| 490 |
1 |
|
|a IBM redbooks
|
| 500 |
|
|
|a "October 2005."
|
| 500 |
|
|
|a Includes index.
|
| 533 |
|
|
|a Electronic reproduction. Ann Arbor, MI : ProQuest, 2015. Available via World Wide Web. Access may be limited to ProQuest affiliated libraries.
|
| 650 |
|
0 |
|a Web servers
|x Management.
|
| 650 |
|
0 |
|a Management information systems.
|
| 655 |
|
4 |
|a Electronic books.
|
| 700 |
1 |
|
|a Doughty, Wayne.
|
| 700 |
1 |
|
|a Jobe, Michael.
|
| 700 |
1 |
|
|a Lam, Timothy.
|
| 710 |
2 |
|
|a ProQuest (Firm)
|
| 830 |
|
0 |
|a IBM redbooks.
|
| 856 |
4 |
0 |
|u https://ebookcentral.proquest.com/lib/matrademy/detail.action?docID=3306619
|z Click to View
|